000 02534cam a2200349Mi 4500
001 51040
005 20230410115603.0
008 070209s2006 mx 000 0 spa d
035 _a(OCoLC)ocm85536487
040 _aPL#
_bspa
_cPL#
_dUNAMX
020 _a9707018909
020 _a9789707018907
029 0 _aPL#
_b070002049
035 _a(OCoLC)85536487
050 1 4 _aHF 1480.5
_bE19 2006
245 0 0 _aEconomía y sociedad en América Latina :
_bentre la globalización, la regionalización y el cambio estructural /
_cArturo Guillén R., coordinador.
260 _aMéxico, D.F. :
_bMiguel Angel Porrúa,
_c2006.
300 _a325 p. ;
_c20 cm.
490 1 _aLas ciencias sociales
501 _aUniversidad autonoma metropolitana, unidad de Iztapalapa.
505 0 _a1. pt. Globalización y desempeño macroeconómico: América Latina y la inversión extranjera directa / Gregorio Vidal -- Desempeño macroeconómico de Taiwan, Corea del Sur, México y Chile : un análisis comparado, 1995-2003 / Enrique Pino Hidalgo -- Situando las luchas de los trabajadores en la reestructuración actual del capitalismo global / Rosalind Boyd -- Estrategias alternativas en al ámbito de la globalización : el caso de China / Alexander Tarassiouk -- 2. pt. Proyectos de regionalización y cambio estructural: Brasil y México frente a la globalización y la integración regional / Víctor M. Soria -- Política exterior en la posguerra fría : México y Brasil en una perspectiva comparada / Alba E. Gámez -- Efectos de la globalización en el empleo : el caso de México / Arturo Guillén R. -- La industria electrónica en México : auge, crisis y competencia china / Alejandro Toledo Patiño -- 3. pt. Recursos naturales, medio ambiente y regulación transnacional: La agenda ambiental de la APEC : libre comercio y ambiente, ¿convergencia o mundos paralelos? / Antonina Ivanova Boncheva y J. Antonio Martínez de la Torre -- Capitalismo, transnacionales y agua : la gran encrucijada en el siglo XXI / Delia Montero.
650 4 _aGlobalization
_xEconomic aspects
_zLatin America
_vCongresses.
650 4 _aGlobalización
_xAspectos económicos
_zAmérica Latina
650 4 _aEconomía
_zAmérica Latina
650 4 _aGlobalización
_xAspectos económicos
_zAmérica Latina
653 _aGlobalización
_aCongresos, coloquios
_aAmérica Latina
700 1 _aGuillén Romo, Arturo.
830 0 _aColección Las ciencias sociales
938 _aPuvill Libros
_bPUVL
_n9789707018907
_c$68.64
942 _2lcc
_cbk
946 _abc
999 _c44159
_d44159